| 000 | 00507 a2200169 4500 | ||
|---|---|---|---|
| 003 | OSt | ||
| 005 | 20250609153521.0 | ||
| 008 | 250524b |||||||| |||| 00| 0 eng d | ||
| 040 | _coclc | ||
| 082 |
_a658.4063 _bUNN/I |
||
| 100 |
_aUnnithan, Anandakuttan B _910524 |
||
| 245 |
_aInnovation Design & Thinking / _cAnandakuttan B Unnithan, Deepak S Kumar, Ajmal Basheer |
||
| 250 | _a2 | ||
| 260 | _c2023 | ||
| 300 | _a320 pages | ||
| 942 |
_2ddc _cBK _h658.4063 _iUNN/I _k658.4063 _mUNN/I |
||
| 999 |
_c44450 _d44450 |
||